[Event "GBR-ch 91st"]
[Site "Scarborough"]
[Date "2004.08.03"]
[Round "2.22"]
[White "Rudd, Jack"]
[Black "Gregory, Stephen J"]
[Result "1-0"]
[WhiteElo "2281"]
[BlackElo "2180"]
[PlyCount "87"]
[EventDate "2004.08.02"]
[EventType "swiss"]
[EventRounds "11"]
[EventCountry "GBR"]

1. e4 d5 2. exd5 Qxd5 3. Nf3 Nf6 4. d4 Bg4 5. Be2 e6 6. O-O Be7 7. Bf4 c6 8. c4
Qf5 9. Bg3 Qa5 10. Nc3 O-O 11. Ne5 Bf5 12. c5 b5 13. a3 Ne4 14. Nxe4 Bxe4 15.
b4 Qd8 16. a4 bxa4 17. Rxa4 Bf6 18. Qd2 Bxe5 19. Bxe5 Qd5 20. f3 Bg6 21. Qc3 f6
22. Bc4 Qd7 23. Bd6 Re8 24. Qb3 Bf7 25. f4 g6 26. Raa1 Qc8 27. f5 Kg7 28. fxe6
Bxe6 29. Rae1 Bxc4 30. Qxc4 Nd7 31. Be7 Kh6 32. Qf7 Nf8 33. Qxf6 Qg4 34. Rf4
Nd7 35. Rxg4 Nxf6 36. Bxf6 Rxe1+ 37. Kf2 g5 38. Kxe1 a5 39. bxa5 Rxa5 40. Bxg5+
Kh5 41. h3 h6 42. Bxh6 Ra1+ 43. Ke2 Ra2+ 44. Ke3 1-0

[Event "GBR-ch 91st"]
[Site "Scarborough"]
[Date "2004.08.03"]
[Round "2.23"]
[White "Hutchinson, Norman A"]
[Black "Bigg, Andrew J"]
[Result "1-0"]
[WhiteElo "2176"]
[BlackElo "2275"]
[PlyCount "47"]
[EventDate "2004.08.02"]
[EventType "swiss"]
[EventRounds "11"]
[EventCountry "GBR"]

1. e4 e6 2. d4 d5 3. Nd2 Nf6 4. e5 Nfd7 5. c3 c5 6. Bd3 Nc6 7. Ngf3 g6 8. h4
Qb6 9. h5 g5 10. Nxg5 cxd4 11. cxd4 Nxd4 12. Ndf3 Nxf3+ 13. Nxf3 Nc5 14. O-O
Bd7 15. Bc2 Bb5 16. Re1 Qa6 17. Re3 Rd8 18. Nd4 Nd7 19. a4 Bc6 20. Qg4 Qc4 21.
b3 Rg8 22. Qxg8 Qxd4 23. Rb1 Nxe5 24. Ba3 1-0

[Event "GBR-ch 91st"]
[Site "Scarborough"]
[Date "2004.08.03"]
[Round "2.24"]
[White "Ashton, Adam"]
[Black "Hempson, Peter"]
[Result "1-0"]
[WhiteElo "2270"]
[BlackElo "2172"]
[PlyCount "121"]
[EventDate "2004.08.02"]
[EventType "swiss"]
[EventRounds "11"]
[EventCountry "GBR"]

1. e4 c6 2. d4 d5 3. exd5 Qxd5 4. Nf3 Bf5 5. c4 Qd8 6. Nc3 e6 7. Be2 Bd6 8. O-O
Ne7 9. Qb3 Qb6 10. Qa4 Qc7 11. c5 Bf4 12. d5 Bxc1 13. d6 Qc8 14. Raxc1 Ng8 15.
Nd4 Nf6 16. Bf3 O-O 17. Nxf5 exf5 18. Qf4 g6 19. b4 Re8 20. Rfe1 Re6 21. Qd4
Nbd7 22. Rxe6 fxe6 23. b5 e5 24. Qc4+ Kg7 25. bxc6 bxc6 26. Rb1 e4 27. Bd1 Qg8
28. Qd4 Rb8 29. Rb3 Qe8 30. Ne2 Rxb3 31. Bxb3 Qe5 32. Ba4 Qxc5 33. Qxc5 Nxc5
34. Bxc6 Ne6 35. Nc3 Nd8 36. Ba4 Kf7 37. Nb5 Ke6 38. Bb3+ Kd7 39. Nxa7 Kxd6 40.
Nb5+ Kc5 41. Nc3 Nc6 42. g3 Nd4 43. Bf7 g5 44. Kf1 h5 45. Ne2 Nf3 46. h3 h4 47.
Be6 hxg3 48. fxg3 Nd5 49. Kf2 f4 50. Bxd5 fxg3+ 51. Kxg3 Kxd5 52. Kg4 Kc4 53.
Ng3 Kd3 54. a4 Ne5+ 55. Kxg5 e3 56. a5 Kc4 57. a6 Nc6 58. h4 Kb5 59. h5 Kxa6
60. h6 Ne5 61. h7 1-0

[Event "GBR-ch 91st"]
[Site "Scarborough"]
[Date "2004.08.03"]
[Round "2.25"]
[White "Rayner, Francis"]
[Black "Smith, Graham"]
[Result "1/2-1/2"]
[WhiteElo "2252"]
[BlackElo "2157"]
[PlyCount "33"]
[EventDate "2004.08.02"]
[EventType "swiss"]
[EventRounds "11"]
[EventCountry "GBR"]

1. e4 d6 2. d4 Nf6 3. Nc3 g6 4. g3 Bg7 5. Bg2 O-O 6. h3 Nbd7 7. Be3 Rb8 8. a4
b6 9. Nge2 c5 10. O-O a6 11. g4 Bb7 12. Ng3 h6 13. Qd2 Kh7 14. d5 b5 15. axb5
axb5 16. Ra7 Qb6 17. Rfa1 1/2-1/2

[Event "GBR-ch 91st"]
[Site "Scarborough"]
[Date "2004.08.03"]
[Round "2.28"]
[White "Snape, Ian"]
[Black "Clarke, Thomas"]
[Result "1-0"]
[WhiteElo "2228"]
[BlackElo "2132"]
[PlyCount "67"]
[EventDate "2004.08.02"]
[EventType "swiss"]
[EventRounds "11"]
[EventCountry "GBR"]

1. c4 f5 2. Nc3 Nf6 3. g3 e5 4. Bg2 Nc6 5. e3 d6 6. d4 exd4 7. exd4 Qe7+ 8.
Nge2 Qf7 9. b3 Be7 10. O-O O-O 11. Nf4 Kh8 12. Bb2 Bd7 13. Nfd5 Nxd5 14. Nxd5
Bd8 15. f4 a5 16. a3 Rb8 17. a4 Ne7 18. Nxe7 Qxe7 19. Qd2 c6 20. Rfe1 Qf6 21.
d5 Qh6 22. Rad1 c5 23. Re2 Re8 24. Rxe8+ Bxe8 25. Re1 Bf7 26. Bc3 Ra8 27. Bf1
Kg8 28. Bd3 Qh5 29. Qc2 Bg6 30. Re6 Ra6 31. Kg2 Kf7 32. Qd2 Kf8 33. Bb2 Qh6 34.
Qe3 1-0

[Event "GBR-ch 91st"]
[Site "Scarborough"]
[Date "2004.08.03"]
[Round "2.29"]
[White "Kafka, Graeme"]
[Black "Burrows, Martin"]
[Result "0-1"]
[WhiteElo "2143"]
[BlackElo "2226"]
[PlyCount "138"]
[EventDate "2004.08.02"]
[EventType "swiss"]
[EventRounds "11"]
[EventCountry "GBR"]

1. e4 c5 2. Nf3 d6 3. d4 cxd4 4. Nxd4 Nf6 5. Nc3 a6 6. f4 Qc7 7. Bd3 e5 8. Nf3
b5 9. O-O Bb7 10. Qe1 Nbd7 11. a3 Be7 12. Qg3 Nh5 13. Qh3 Nxf4 14. Bxf4 exf4
15. Qg4 Bf6 16. Qxf4 Bxc3 17. bxc3 Ne5 18. Nd4 O-O 19. Nf5 Bc8 20. Qg3 f6 21.
a4 Bxf5 22. exf5 Qxc3 23. axb5 axb5 24. Rab1 b4 25. Rb3 Qc5+ 26. Qf2 Rfd8 27.
Be4 Rac8 28. Rd1 Kf8 29. Qd4 Rb8 30. h3 {(=)} Rdc8 31. Kf2 Qxd4+ 32. Rxd4 Rc4
33. c3 Rxd4 34. cxd4 Nc4 35. Ke2 Ke7 36. Bd5 Na5 37. Re3+ Kd7 38. Kd1 Re8 39.
Rg3 Re7 40. Kd2 Kc7 41. Rf3 Kb6 42. Rf1 Rc7 43. Re1 Kb5 44. Re8 b3 45. Rb8+ Ka4
46. Ra8 b2 47. Rb8 Ka3 48. Rb5 Rc1 49. Rxa5+ Kb4 50. Ra7 b1=Q 51. Rb7+ Ka5 52.
Ra7+ Kb6 53. Rb7+ Ka6 54. Rxb1 Rxb1 55. Kd3 Kb6 56. Bf3 Rb5 57. Ke4 d5+ 58. Kd3
Kc6 59. Kc3 Ra5 60. Kb2 Ra4 61. Kc3 Ra3+ 62. Kc2 Re3 63. Bg4 Kb5 64. Kd2 Rg3
65. Be2+ Kb4 66. Bf1 h5 67. Kc2 Rc3+ 68. Kd2 h4 69. Ba6 Ra3 0-1

[Event "GBR-ch 91st"]
[Site "Scarborough"]
[Date "2004.08.03"]
[Round "2.30"]
[White "Lyell, Mark"]
[Black "Westwood, Richard"]
[Result "1/2-1/2"]
[WhiteElo "2217"]
[BlackElo "2030"]
[PlyCount "142"]
[EventDate "2004.08.02"]
[EventType "swiss"]
[EventRounds "11"]
[EventCountry "GBR"]

1. e4 c6 2. d4 d5 3. exd5 cxd5 4. c4 Nf6 5. Nc3 Nc6 6. Bg5 e6 7. c5 Be7 8. Bb5
O-O 9. Bxc6 bxc6 10. Nf3 Nd7 11. Bxe7 Qxe7 12. O-O e5 13. b4 e4 14. Nd2 f5 15.
b5 Bb7 16. Nb3 cxb5 17. Na5 Nf6 18. Nxb5 Ba6 19. a4 Bxb5 20. axb5 Qc7 21. Qb3
f4 22. Qh3 Rfe8 23. Rfb1 e3 24. f3 e2 25. Qh4 Re3 26. Nc6 Rae8 27. Re1 Ra8 28.
Nxa7 Nd7 29. Nc6 Rxa1 30. Rxa1 Re8 31. Ne7+ Kh8 32. Nxd5 Qb8 33. b6 Nxc5 34.
dxc5 Qe5 35. Re1 Qxd5 36. Qf2 Re3 37. Rc1 Qd4 38. Re1 Qxc5 39. b7 Qb6 40. Rxe2
Qb1+ 41. Qf1 Qxb7 42. Rxe3 fxe3 43. Qc1 h6 44. Qxe3 Qb2 45. h3 Kh7 46. Kh2 Kh8
47. f4 Qb8 48. Qe5 Qf8 49. g4 Qd8 50. g5 hxg5 51. fxg5 Qd2+ 52. Kg3 Qd3+ 53.
Kg4 Qd7+ 54. Qf5 Qd1+ 55. Kh4 Qe1+ 56. Kh5 Qe2+ 57. Qg4 Qe8+ 58. g6 Qe5+ 59.
Kh4 Qe1+ 60. Qg3 Qe7+ 61. Kg4 Qe4+ 62. Kg5 Qe7+ 63. Kf5 Qd7+ 64. Ke4 Qc6+ 65.
Ke3 Qc5+ 66. Ke2 Qc2+ 67. Kf1 Qd1+ 68. Kg2 Qd2+ 69. Kg1 Qd1+ 70. Kh2 Qd2+ 71.
Qg2 Qf4+ 1/2-1/2

[Event "GBR-ch 91st"]
[Site "Scarborough"]
[Date "2004.08.03"]
[Round "2.31"]
[White "Bryant, Richard"]
[Black "Storey, Charles"]
[Result "0-1"]
[WhiteElo "1872"]
[BlackElo "2217"]
[PlyCount "102"]
[EventDate "2004.08.02"]
[EventType "swiss"]
[EventRounds "11"]
[EventCountry "GBR"]

1. e4 c5 2. d4 cxd4 3. c3 d3 4. Bxd3 g6 5. c4 Bg7 6. Nc3 Nc6 7. f4 d6 8. Nf3
Nf6 9. O-O Nd7 10. Be3 Nc5 11. Bc2 Be6 12. Qe2 Bxc3 13. bxc3 Qa5 14. f5 Bd7 15.
Bd4 f6 16. Qe3 b6 17. Nd2 O-O-O 18. Nb3 Qa6 19. Qe2 Be8 20. Be3 Bf7 21. Nd2 Ne5
22. Bb3 Kb8 23. Bd4 Rc8 24. Rfb1 Nb7 25. a4 Na5 26. Bc2 Rc6 27. Qf2 Ka8 28. c5
bxc5 29. Bxe5 fxe5 30. f6 e6 31. Rb5 Rb8 32. Rab1 Rcb6 33. c4 Nc6 34. Qh4 h5
35. Nf3 Nd4 36. Nxd4 cxd4 37. Qg3 Rxb5 38. axb5 Qa2 39. Qd3 Rc8 40. Bb3 Qa3 41.
Qd1 Qc5 42. Kh1 g5 43. Qd2 g4 44. Qh6 Kb7 45. Qg7 Rc7 46. h3 gxh3 47. gxh3 d3
48. Qg1 Kb6 49. Qg2 Qe3 50. Rd1 Kc5 51. Ba2 Bg6 0-1

[Event "GBR-ch 91st"]
[Site "Scarborough"]
[Date "2004.08.04"]
[Round "3.2"]
[White "Williams, Simon K"]
[Black "Motwani, Paul"]
[Result "1-0"]
[WhiteElo "2427"]
[BlackElo "2552"]
[PlyCount "55"]
[EventDate "2004.08.02"]
[EventType "swiss"]
[EventRounds "11"]
[EventCountry "GBR"]

1. d4 d5 2. c4 c6 3. Nc3 Nf6 4. Nf3 dxc4 5. a4 Bf5 6. Nh4 e6 7. Nxf5 exf5 8. e3
Bd6 9. Bxc4 Qe7 10. h3 Nbd7 11. Qf3 g6 12. g4 fxg4 13. hxg4 O-O-O 14. a5 Bb4
15. Kf1 h5 16. gxh5 Nxh5 17. Rg1 Rh7 18. a6 Qf6 19. Qg2 Nb6 20. axb7+ Kxb7 21.
Ba6+ Kb8 22. Ne4 Qe7 23. Ng5 Rhh8 24. Qxc6 Nf6 25. e4 Rxd4 26. Be3 Nxe4 27.
Nxe4 Qxe4 28. Bf4+ 1-0

[Event "GBR-ch 91st"]
[Site "Scarborough"]
[Date "2004.08.04"]
[Round "3.4"]
[White "Dearing, Eddie"]
[Black "Ward, Chris"]
[Result "0-1"]
[WhiteElo "2393"]
[BlackElo "2490"]
[PlyCount "72"]
[EventDate "2004.08.02"]
[EventType "swiss"]
[EventRounds "11"]
[EventCountry "GBR"]

1. d4 Nf6 2. c4 e6 3. Nc3 Bb4 4. Qc2 O-O 5. a3 Bxc3+ 6. Qxc3 b5 7. cxb5 c6 8.
f3 Nd5 9. Qd3 f5 10. e4 Nc7 11. Nh3 Nxb5 12. Be3 Ba6 13. Qc2 Qh4+ 14. Bf2 Qf6
15. O-O-O fxe4 16. fxe4 d5 17. e5 Qh6+ 18. Kb1 c5 19. Qxc5 Rc8 20. Qb4 Nc6 21.
Qd2 Qh5 22. Nf4 Qf7 23. Rc1 Rab8 24. Ka2 Rb6 25. Be2 Rcb8 26. Rc2 Nxa3 27. bxa3
Bxe2 28. Nxe2 Qxf2 29. Rhc1 Qf5 30. Ng3 Qg6 31. Qe3 h6 32. h4 Rb3 33. Qf4 Rxg3
34. Rxc6 Rxg2+ 35. Ka1 Qd3 36. R6c3 Rb1+ 0-1

[Event "GBR-ch 91st"]
[Site "Scarborough"]
[Date "2004.08.04"]
[Round "3.5"]
[White "Ledger, Andrew J"]
[Black "Gordon, Stephen"]
[Result "1-0"]
[WhiteElo "2452"]
[BlackElo "2338"]
[PlyCount "111"]
[EventDate "2004.08.02"]
[EventType "swiss"]
[EventRounds "11"]
[EventCountry "GBR"]

1. Nf3 Nf6 2. g3 d5 3. Bg2 c6 4. O-O Bg4 5. b3 Nbd7 6. Bb2 e6 7. d3 Bd6 8. Nbd2
O-O 9. h3 Bxf3 10. Nxf3 Qe7 11. a3 e5 12. Nh4 g6 13. e4 dxe4 14. dxe4 Rad8 15.
Qe2 Rfe8 16. a4 Nf8 17. Nf3 Nh5 18. Kh2 f6 19. Nd2 Ne6 20. Nc4 Nd4 21. Qd1 Bc5
22. c3 Ne6 23. Qe2 Qc7 24. b4 Bf8 25. Bf3 Nhg7 26. Bc1 Rd7 27. a5 Rf7 28. Ra2
Qb8 29. Rd1 Rd8 30. Rxd8 Nxd8 31. Be3 f5 32. Rd2 Nde6 33. exf5 gxf5 34. Bh6 e4
35. Bg2 Rf6 36. Bxg7 Bxg7 37. Qh5 Qf8 38. Qd1 Rg6 39. Qb3 Qf6 40. a6 b5 41. Na5
e3 42. fxe3 Qg5 43. Re2 Qxg3+ 44. Kg1 Qd6 45. c4 f4 46. exf4 Bd4+ 47. Kh1 Qxf4
48. Qf3 Qc1+ 49. Qf1 Qxf1+ 50. Bxf1 Kf7 51. Bg2 Nf4 52. Re4 Nxg2 53. Rxd4 Ke7
54. c5 Ne3 55. Re4+ Re6 56. Nxc6+ 1-0

[Event "GBR-ch 91st"]
[Site "Scarborough"]
[Date "2004.08.04"]
[Round "3.6"]
[White "Mannion, Stephen"]
[Black "Hebden, Mark"]
[Result "1/2-1/2"]
[WhiteElo "2333"]
[BlackElo "2559"]
[PlyCount "96"]
[EventDate "2004.08.02"]
[EventType "swiss"]
[EventRounds "11"]
[EventCountry "GBR"]

1. e4 e5 2. Nf3 Nc6 3. Nc3 Nf6 4. a3 d6 5. d4 Bg4 6. Bb5 Nd7 7. Be3 exd4 8.
Bxd4 Nxd4 9. Qxd4 c6 10. Be2 Qb6 11. O-O-O Ne5 12. Rhe1 Bxf3 13. Bxf3 Qxd4 14.
Rxd4 Nxf3 15. gxf3 O-O-O 16. Red1 g6 17. Ne2 Kc7 18. c4 Bg7 19. R4d3 Rhe8 20.
Ng3 a6 21. Kc2 b5 22. cxb5 axb5 23. f4 Bh6 24. Rf3 Rd7 25. h4 d5 26. exd5 cxd5
27. f5 Bg7 28. fxg6 fxg6 29. h5 gxh5 30. Rh1 Be5 31. Rxh5 Bxg3 32. fxg3 Re2+
33. Kb3 Kd6 34. Kc3 Rc7+ 35. Kd3 Rxb2 36. Rff5 Rb3+ 37. Kd2 Kc5 38. Rxd5+ Kb6
39. Rd6+ Ka5 40. Rd8 Rf7 41. Ra8+ Kb6 42. Rb8+ Kc6 43. Rc8+ Kd6 44. Rc3 Rf2+
45. Ke1 Rxc3 46. Kxf2 Kc6 47. Rh6+ Kc5 48. Rh5+ Kc6 1/2-1/2

[Event "GBR-ch 91st"]
[Site "Scarborough"]
[Date "2004.08.04"]
[Round "3.7"]
[White "Gwaze, Robert"]
[Black "Wells, Peter"]
[Result "0-1"]
[WhiteElo "2376"]
[BlackElo "2494"]
[PlyCount "78"]
[EventDate "2004.08.02"]
[EventType "swiss"]
[EventRounds "11"]
[EventCountry "GBR"]

1. e4 e5 2. Nf3 Nc6 3. Bb5 a6 4. Ba4 Nf6 5. O-O Be7 6. Re1 b5 7. Bb3 d6 8. c3
O-O 9. h3 Nb8 10. d4 Nbd7 11. Nbd2 Bb7 12. Bc2 Re8 13. a4 Bf8 14. Bd3 c6 15.
Nf1 g6 16. Ng3 Bg7 17. Bg5 Nf8 18. b4 Ne6 19. Be3 Nd7 20. Bf1 Qc7 21. Rc1 Nb6
22. dxe5 dxe5 23. a5 Na4 24. Qb3 Qe7 25. Red1 Rad8 26. Ne1 h5 27. Be2 h4 28.
Nf1 c5 29. Bf3 Bf8 30. Nc2 c4 31. Qa3 Nf4 32. Bxf4 exf4 33. Nd4 Bg7 34. Rc2 Rd7
35. Qc1 Nxc3 36. Rxc3 Rxd4 37. Rxd4 Bxd4 38. Rc2 Be5 39. Qe1 Rd8 0-1

[Event "GBR-ch 91st"]
[Site "Scarborough"]
[Date "2004.08.04"]
[Round "3.8"]
[White "Gormally, Daniel W"]
[Black "Houska, Jovanka"]
[Result "1-0"]
[WhiteElo "2479"]
[BlackElo "2375"]
[PlyCount "105"]
[EventDate "2004.08.02"]
[EventType "swiss"]
[EventRounds "11"]
[EventCountry "GBR"]

1. e4 d5 2. exd5 Qxd5 3. Nc3 Qa5 4. d4 c6 5. Nf3 Bf5 6. Bc4 e6 7. Ne5 Nf6 8. g4
Be4 9. f3 Bd5 10. Bd3 Nbd7 11. Nxd7 Nxd7 12. O-O Be7 13. Bd2 Qb6 14. Nxd5 cxd5
15. c3 Ne5 16. Qa4+ Kf8 17. Be2 h5 18. gxh5 Nc4 19. Bxc4 dxc4 20. Qxc4 Rxh5 21.
Bf4 Bd6 22. Bxd6+ Qxd6 23. Rf2 Ke7 24. Re1 Rah8 25. f4 b5 26. Qd3 g5 27. Qxb5
gxf4 28. Qb7+ Kf8 29. Qa8+ Kg7 30. Qe4 Kf8 31. Rxf4 Rxh2 32. Qa8+ Ke7 33. Qxa7+
Kd8 34. Qa8+ Ke7 35. Qb7+ Kd8 36. Re5 R2h7 37. Qa8+ Ke7 38. Qb7+ Kd8 39. Qf3
Rg8+ 40. Rg4 Rxg4+ 41. Qxg4 Ke7 42. Qg8 Rh3 43. Kg2 Rd3 44. Qg5+ Kf8 45. Rc5
Qd7 46. Qh6+ Ke7 47. Qh4+ Ke8 48. Qh8+ Ke7 49. Qb8 Qa4 50. Rc7+ Kf6 51. Qh8+
Kg5 52. Qe5+ Kh6 53. Qf6+ 1-0

[Event "GBR-ch 91st"]
[Site "Scarborough"]
[Date "2004.08.04"]
[Round "3.11"]
[White "Emms, John"]
[Black "Rudd, Jack"]
[Result "1/2-1/2"]
[WhiteElo "2508"]
[BlackElo "2281"]
[PlyCount "65"]
[EventDate "2004.08.02"]
[EventType "swiss"]
[EventRounds "11"]
[EventCountry "GBR"]

1. e4 e5 2. Nf3 Nc6 3. Bb5 a6 4. Ba4 Nf6 5. O-O Be7 6. Re1 b5 7. Bb3 O-O 8. a4
b4 9. d3 d6 10. a5 Rb8 11. Nbd2 Nd7 12. Bd5 Na7 13. Nf1 c6 14. Bc4 Bb7 15. Ng3
g6 16. d4 Bf6 17. Bh6 Re8 18. c3 bxc3 19. bxc3 Nb5 20. Qb3 Qe7 21. Rad1 Bc8 22.
Qc2 Nf8 23. h3 Ne6 24. Be3 Ng5 25. Nxg5 Bxg5 26. Qd2 Bf6 27. Ne2 Rb7 28. Ng3
Rb8 29. Kh2 Be6 30. Bf1 c5 31. d5 Bd7 32. Ne2 Rb7 33. Rb1 1/2-1/2

[Event "GBR-ch 91st"]
[Site "Scarborough"]
[Date "2004.08.04"]
[Round "3.12"]
[White "Haslinger, Stewart"]
[Black "Ashton, Adam"]
[Result "0-1"]
[WhiteElo "2408"]
[BlackElo "2270"]
[PlyCount "72"]
[EventDate "2004.08.02"]
[EventType "swiss"]
[EventRounds "11"]
[EventCountry "GBR"]

1. e4 e5 2. Nf3 Nc6 3. Bc4 Nf6 4. d3 Bc5 5. c3 d6 6. Bb3 a6 7. O-O Ba7 8. Be3
O-O 9. Nbd2 h6 10. h3 Ne7 11. Re1 Ng6 12. Nf1 Re8 13. Ng3 Bxe3 14. fxe3 Be6 15.
Re2 d5 16. exd5 Bxd5 17. Bxd5 Qxd5 18. d4 exd4 19. exd4 Nf4 20. Rf2 Re3 21. Qb3
Rae8 22. Qxd5 N6xd5 23. Rd1 b5 24. Kh2 f6 25. Rdd2 Nd3 26. Rf1 N3f4 27. Rff2
Nd3 28. Rf1 N3f4 29. a3 Nb6 30. Rc2 Nfd5 31. Ra1 g6 32. Kg1 Kg7 33. Kf2 Nf4 34.
b3 R8e7 35. Raa2 Nd3+ 36. Kf1 Re1+ 0-1

[Event "GBR-ch 91st"]
[Site "Scarborough"]
[Date "2004.08.04"]
[Round "3.13"]
[White "Knott, Simon"]
[Black "Snape, Ian"]
[Result "1-0"]
[WhiteElo "2359"]
[BlackElo "2228"]
[PlyCount "117"]
[EventDate "2004.08.02"]
[EventType "swiss"]
[EventRounds "11"]
[EventCountry "GBR"]

1. Nf3 Nf6 2. c4 g6 3. Nc3 Bg7 4. e4 d6 5. d4 O-O 6. Be2 e5 7. O-O Nc6 8. d5
Ne7 9. Ne1 Nd7 10. Nd3 f5 11. Bd2 Nf6 12. f3 f4 13. g4 g5 14. Be1 Ng6 15. Kg2
h5 16. h3 Kf7 17. Rh1 Rh8 18. Bf2 hxg4 19. hxg4 Rxh1 20. Qxh1 Bd7 21. c5 Qg8
22. Rc1 Bf8 23. c6 bxc6 24. dxc6 Be6 25. Nb4 Qg7 26. Nb5 Rc8 27. Nxa7 Rb8 28.
Nb5 Be7 29. Nxc7 Bxg4 30. fxg4 f3+ 31. Bxf3 Nf4+ 32. Kf1 Rh8 33. Qg1 Qh7 34.
Bg3 Nxe4 35. Bxf4 gxf4 36. Ncd5 Nd2+ 37. Ke2 Nxf3 38. Kxf3 Qh3+ 39. Ke2 f3+ 40.
Kd1 Qg2 41. Qxg2 fxg2 42. Ke2 Rh1 43. Kf2 Rxc1 44. Kxg2 Bd8 45. Nc3 Ke6 46.
Nbd5 Ba5 47. c7 Kd7 48. g5 Bxc7 49. g6 Rc2+ 50. Kf3 Rxb2 51. g7 Rb8 52. Nf6+
Kc6 53. Ncd5 Ba5 54. Ne7+ Kc7 55. Ng6 e4+ 56. Kxe4 d5+ 57. Nxd5+ Kd6 58. Nf8
Re8+ 59. Kd4 1-0

[Event "GBR-ch 91st"]
[Site "Scarborough"]
[Date "2004.08.04"]
[Round "3.14"]
[White "Burrows, Martin"]
[Black "Hanley, Craig A"]
[Result "0-1"]
[WhiteElo "2226"]
[BlackElo "2356"]
[PlyCount "76"]
[EventDate "2004.08.02"]
[EventType "swiss"]
[EventRounds "11"]
[EventCountry "GBR"]

1. e4 e5 2. Nf3 Nc6 3. Bb5 Nge7 4. c3 a6 5. Ba4 g6 6. d4 exd4 7. cxd4 Bg7 8. h3
b5 9. Bb3 O-O 10. O-O d6 11. Nc3 Na5 12. Bc2 c5 13. Bg5 h6 14. Bh4 g5 15. Bg3
Nc4 16. Rb1 Nc6 17. Ne2 g4 18. hxg4 Bxg4 19. d5 Nb4 20. Bb3 Nxb2 21. Qd2 Nc4
22. Qf4 f5 23. Rbd1 Ne5 24. Nxe5 dxe5 25. Qd2 Bxe2 26. Qxe2 c4 27. Bc2 f4 28.
Bh2 Nxa2 29. Qg4 Nb4 30. Rc1 Nxc2 31. Rxc2 Qd6 32. g3 Rf6 33. f3 Rg6 34. Qh3
fxg3 35. Bxg3 Rf8 36. Kh1 Qa3 37. Bh2 Qd3 38. Rcf2 c3 0-1

[Event "GBR-ch 91st"]
[Site "Scarborough"]
[Date "2004.08.04"]
[Round "3.15"]
[White "Sowray, Peter J"]
[Black "Adams, David M"]
[Result "0-1"]
[WhiteElo "2349"]
[BlackElo "2180"]
[PlyCount "58"]
[EventDate "2004.08.02"]
[EventType "swiss"]
[EventRounds "11"]
[EventCountry "GBR"]

1. Nf3 Nf6 2. c4 c6 3. d4 d5 4. Qc2 g6 5. Bf4 Nh5 6. Be5 f6 7. Bxb8 Rxb8 8. e3
Bf5 9. Bd3 Bxd3 10. Qxd3 e6 11. Nc3 Bd6 12. O-O O-O 13. e4 Nf4 14. Qe3 dxc4 15.
Rad1 Nd3 16. b3 b5 17. bxc4 Nb2 18. cxb5 Nxd1 19. Rxd1 cxb5 20. e5 b4 21. Ne4
Bxe5 22. Qb3 Bf4 23. Qxe6+ Kg7 24. d5 Re8 25. Nc5 Bd6 26. Nd7 Rxe6 27. dxe6 Be7
28. Nd4 Rc8 29. f4 Qa5 0-1

[Event "GBR-ch 91st"]
[Site "Scarborough"]
[Date "2004.08.04"]
[Round "3.16"]
[White "Storey, Charles"]
[Black "Tan, Desmond"]
[Result "1-0"]
[WhiteElo "2217"]
[BlackElo "2335"]
[PlyCount "97"]
[EventDate "2004.08.02"]
[EventType "swiss"]
[EventRounds "11"]
[EventCountry "GBR"]

1. Nf3 c5 2. e4 d6 3. d4 cxd4 4. Nxd4 Nf6 5. f3 g6 6. c4 Bg7 7. Be3 Nc6 8. Qd2
O-O 9. Nc3 Nxd4 10. Bxd4 Be6 11. Be2 Qa5 12. Rc1 Rfc8 13. b3 a6 14. O-O Rab8
15. Rc2 b5 16. cxb5 axb5 17. Nxb5 Rxb5 18. Bxb5 Qxb5 19. Rxc8+ Bxc8 20. Qc3 Ba6
21. Re1 e5 22. Bf2 d5 23. Qxe5 dxe4 24. Qxb5 Bxb5 25. a4 Bd3 26. Bd4 Nd7 27.
Bxg7 Kxg7 28. fxe4 Nc5 29. Re3 Ba6 30. e5 Kf8 31. Rc3 Nd7 32. b4 Ke8 33. b5 Bb7
34. a5 Kd8 35. Kf2 Nxe5 36. a6 Bc8 37. Ke3 Nd7 38. Kd4 Nb6 39. Rc6 Na8 40. Kc5
Kd7 41. Rf6 Ke7 42. Rd6 Nc7 43. Rb6 Bf5 44. Rb7 Kd8 45. Kb6 Nd5+ 46. Ka7 Bd3
47. Kb8 Nb4 48. a7 Bxb5 49. Rxb5 1-0

[Event "GBR-ch 91st"]
[Site "Scarborough"]
[Date "2004.08.04"]
[Round "3.17"]
[White "Howell, David W"]
[Black "Hutchinson, Norman A"]
[Result "1/2-1/2"]
[WhiteElo "2334"]
[BlackElo "2176"]
[PlyCount "55"]
[EventDate "2004.08.02"]
[EventType "swiss"]
[EventRounds "11"]
[EventCountry "GBR"]

1. e4 c6 2. d4 d5 3. exd5 cxd5 4. c4 Nf6 5. Nc3 Nc6 6. Nf3 Bg4 7. cxd5 Nxd5 8.
Qb3 Bxf3 9. gxf3 e6 10. Qxb7 Nxd4 11. Bb5+ Nxb5 12. Qc6+ Ke7 13. Qxb5 Nxc3 14.
bxc3 Qd5 15. Rb1 Qxb5 16. Rxb5 Rc8 17. Rb7+ Kf6 18. Rg1 h6 19. Rxa7 Bb4 20. Rg4
Bxc3+ 21. Kf1 Be5 22. Be3 Ra8 23. Rga4 Rxa7 24. Rxa7 Bxh2 25. a4 h5 26. Kg2 Bd6
27. a5 Rc8 28. Rd7 1/2-1/2

[Event "GBR-ch 91st"]
[Site "Scarborough"]
[Date "2004.08.04"]
[Round "3.19"]
[White "Sisask, Jesper"]
[Black "Lee, Graham D"]
[Result "1-0"]
[WhiteElo "2057"]
[BlackElo "2316"]
[PlyCount "79"]
[EventDate "2004.08.02"]
[EventType "swiss"]
[EventRounds "11"]
[EventCountry "GBR"]

1. d4 Nf6 2. Bg5 e6 3. e4 h6 4. Bxf6 Qxf6 5. Nc3 Bb4 6. Qd3 d6 7. a3 Ba5 8. Nf3
Nd7 9. Be2 O-O 10. O-O c6 11. b4 Bb6 12. Na4 e5 13. d5 cxd5 14. Qxd5 Qe7 15.
Bc4 Nf6 16. Qd3 Bg4 17. Rfe1 Qc7 18. Nd2 Nh5 19. g3 Rac8 20. Nc3 Nf6 21. Rac1
a6 22. Nd5 Nxd5 23. Bxd5 Kh8 24. Nc4 Ba7 25. Ne3 Bh3 26. Nf5 Kh7 27. Qd2 Qd7
28. c4 Rc7 29. Rc3 Rfc8 30. Kh1 b5 31. g4 Bxg4 32. Rg3 Bxf5 33. exf5 Rg8 34.
cxb5 Qxb5 35. f6 g5 36. Be4+ Rg6 37. h4 gxh4 38. Rxg6 fxg6 39. Rg1 Qb6 40. Rxg6
1-0

[Event "GBR-ch 91st"]
[Site "Scarborough"]
[Date "2004.08.04"]
[Round "3.20"]
[White "Spence, David J"]
[Black "Greet, Andrew"]
[Result "1/2-1/2"]
[WhiteElo "2236"]
[BlackElo "2310"]
[PlyCount "108"]
[EventDate "2004.08.02"]
[EventType "swiss"]
[EventRounds "11"]
[EventCountry "GBR"]

1. e4 e5 2. Nf3 Nc6 3. Bc4 Bc5 4. c3 Nf6 5. d3 a6 6. Bb3 O-O 7. O-O Ba7 8. Nbd2
d5 9. Qe2 Re8 10. h3 h6 11. Rd1 Be6 12. Nf1 Qe7 13. Ng3 Kh8 14. Be3 Bxe3 15.
Qxe3 Rad8 16. Bc2 Nd7 17. d4 exd4 18. Nxd4 Nxd4 19. Rxd4 c5 20. Rdd1 dxe4 21.
Qxe4 Nf6 22. Qh4 Qc7 23. Rxd8 Rxd8 24. Re1 Rd5 25. Ne4 Rh5 26. Qg3 Qxg3 27.
Nxg3 Rd5 28. Bb3 Rd2 29. Bxe6 fxe6 30. Re2 Rxe2 31. Nxe2 Kg8 32. f3 Kf7 33. Kf2
Nd5 34. f4 Kf6 35. Kf3 Nb6 36. b3 e5 37. Ke4 exf4 38. Nxf4 Nd7 39. Kd5 Kf5 40.
Nd3 Nf6+ 41. Kxc5 Ke4 42. Nf2+ Kf4 43. Nh1 Ne4+ 44. Kb6 Nxc3 45. a4 Ne4 46.
Kxb7 Nc5+ 47. Kb6 Nxb3 48. Kxa6 Nc5+ 49. Kb5 Nxa4 50. Kxa4 Ke3 51. Kb4 Ke2 52.
Kc4 Kf1 53. Ng3+ Kxg2 54. Nf5 Kxh3 1/2-1/2

[Event "GBR-ch 91st"]
[Site "Scarborough"]
[Date "2004.08.04"]
[Round "3.22"]
[White "Martyn, Rafe"]
[Black "Radovanovic, Jovica"]
[Result "1/2-1/2"]
[WhiteElo "2322"]
[BlackElo "2189"]
[PlyCount "57"]
[EventDate "2004.08.02"]
[EventType "swiss"]
[EventRounds "11"]
[EventCountry "GBR"]

1. d4 Nf6 2. c4 g6 3. Nc3 Bg7 4. Bg5 d6 5. Nf3 h6 6. Bh4 g5 7. Bg3 Nh5 8. e3 e6
9. Qc2 Nc6 10. d5 Ne7 11. dxe6 Bxe6 12. O-O-O Nxg3 13. hxg3 Qd7 14. Nd4 Nc6 15.
Nxe6 fxe6 16. Be2 O-O-O 17. Kb1 Kb8 18. f4 Nb4 19. Qb3 Bxc3 20. Qxc3 Qh7+ 21.
Bd3 Nxd3 22. Qxd3 Qxd3+ 23. Rxd3 Rdg8 24. Rh5 Rg6 25. Kc2 Rhg8 26. Rd2 Kc8 27.
Rh2 Kd7 28. Kd3 a6 29. Kc3 1/2-1/2